| 000 | 01026cam a22002174a 4500 | ||
|---|---|---|---|
| 005 | 20250605164252.0 | ||
| 008 | 250528s ||||||||||||||||||||||||d | ||
| 035 | _a21799 | ||
| 020 | _a9789604068142 | ||
| 040 |
_aGR-AtMCL _bgre _dGR-AtMCL _eAACR2 |
||
| 245 | 1 | _aΠΡΟΒΛΗΜΑΤΑ ΠΑΡΑΓΩΓΗΣ ΓΡΑΠΤΟΥ ΛΟΓΟΥ ΠΑΙΔΙΩΝ ΣΧΟΛΙΚΗΣ ΗΛΙΚΙΑΣ | |
| 250 | _a8 | ||
| 260 |
_bΕλληνικά Γράμματα, _c2009 |
||
| 300 | _a261 | ||
| 505 | 0 | _aΑΞΙΟΛΟΓΗΣΗ ΠΡΟΒΛΗΜΑΤΩΝ ΔΥΣΓΡΑΦΙΑ ΥΠΟΣΤΗΡΙΚΤΙΚΗ ΔΙΔΑΣΚΑΛΙΑ ΤΕΧΝΙΚΕΣ ΟΡΘΟΓΡΑΦΙΑΣ ΜΕΤΑΓΝΩΣΤΙΚΕΣ ΣΤΡΑΤΗΓΙΚΕΣ | |
| 520 | _aΑΞΙΟΛΟΓΗΣΗ ΠΡΟΒΛΗΜΑΤΩΝ ΔΥΣΓΡΑΦΙΑ ΥΠΟΣΤΗΡΙΚΤΙΚΗ ΔΙΔΑΣΚΑΛΙΑ ΤΕΧΝΙΚΕΣ ΟΡΘΟΓΡΑΦΙΑΣ ΜΕΤΑΓΝΩΣΤΙΚΕΣ ΣΤΡΑΤΗΓΙΚΕΣ | ||
| 700 | 1 |
_aΣπαντιδακης Ιωαννης Ι _97716 |
|
| 942 | _cBK | ||
| 999 |
_c6858 _d6858 |
||